| 000 | 00687nam a22002177a 4500 | ||
|---|---|---|---|
| 003 | OSt | ||
| 005 | 20240227105341.0 | ||
| 008 | 190516t xxu||||| |||| 00| 0 eng d | ||
| 020 | _a9781843098621 | ||
| 040 | _c0 | ||
| 082 |
_a751.4 _bHAR 2003 |
||
| 100 | 1 |
_aHarrison, Hazel _9121415 |
|
| 245 | 1 | 0 |
_aHow to paint & draw : _bdrawing, watercolour, oil & acrylic, pastel/ _cHazel Harrison |
| 260 |
_aLondon: _bHermes House; _c2003. |
||
| 300 |
_a256p.: _bill; _c30cm. |
||
| 650 |
_aPainting _vTechnique _9121416 |
||
| 650 |
_aArt--Technique _910396 |
||
| 650 |
_aPastel drawing _xTechnique _9121417 |
||
| 942 |
_2ddc _cBK _aSADA _k751.4 HAR 2003 |
||
| 999 |
_c608310 _d608310 |
||